South Eastern Kenya University

Library Online Public Access Catalogue


The therapist's notebook for lesbian, gay, and bisexual clients : (Record no. 7061)

MARC details
000 -LEADER
fixed length control field 00893cam a22002174a 4500
020 ## - ISBN
International Standard Book Number 0789012529 (soft : alk. paper)
050 00 - LIBRARY OF CONGRESS CALL NUMBER
Classification Number RC 451.4
Item Number .G39T47
245 04 - TITLE
Title The therapist's notebook for lesbian, gay, and bisexual clients :
Remainder of title homework, handouts, and activities for use in psychotherapy /
Statement of responsibility, etc Joy S. Whitman, Cynthia J. Boyd, editors.
260 ## - PUBLICATION, DISTRIBUTION, ETC.(IMPRINT)
Place of publication, distribution, etc New York :
Name of publisher, distributor, etc Haworth Clinical Practice Press,
Date of publication, distribution, etc c2003.
300 ## - PHYSICAL DESCRIPTION
Extent xxiii, 309 p. :
650 #0 - SUBJECT--TOPIC
General subdivision Mental health
Form subdivision Handbooks, manuals, etc.
650 #0 - SUBJECT--TOPIC
General subdivision Mental health
Form subdivision Handbooks, manuals, etc.
650 #0 - SUBJECT--TOPIC
General subdivision Mental health
Form subdivision Handbooks, manuals, etc.
650 #0 - SUBJECT--TOPIC
Form subdivision Handbooks, manuals, etc.
650 #0 - SUBJECT--TOPIC
Form subdivision Handbooks, manuals, etc.
650 #0 - SUBJECT--TOPIC
General subdivision Psychological aspects
Form subdivision Handbooks, manuals, etc.
700 1# - ADDED ENTRY--PERSONAL AUTHOR
Personal Name Whitman, Joy S.
700 1# - ADDED ENTRY--PERSONAL AUTHOR
Personal Name Boyd, Cynthia J.
856 42 - URL/ELECTRONIC LOCATION AND ACCESS
Uniform Resource Identifier <a href="http://www.e-streams.com/es0610/es0610_2819.html">http://www.e-streams.com/es0610/es0610_2819.html</a>
942 ## - ADDED ENTRY ELEMENTS(KOHA)
Source of classification or shelving scheme Library of Congress Classification
Koha item type General circulation
Holdings
Source of classification or shelving scheme Not for loan Location (home branch) Sublocation (holding branch) Shelving location Date accessioned Full call number Barcode Koha item type Public note
Library of Congress Classification   Main Campus Library Main Campus Library   24/07/2015 RC 451.4 .G39T47 2015/004625 General circulation smo
Kitui, Kenya.
+254736116989
library@seku.ac.ke